| 000 | 00358nam a2200133Ia 4500 | ||
|---|---|---|---|
| 008 | 240624s9999 xx 000 0 und d | ||
| 041 | _aeng | ||
| 082 | _a659.1 FOM | ||
| 100 | _aFOMBRUN CHARLES J | ||
| 245 | _aFAME AND FORTUNE HOW SUCCESSFUL COMPANIE | ||
| 260 |
_c2004 _aNew Delhi _bPearson Education |
||
| 300 | _axxviii, : 273 : p. : cm ; 24 | ||
| 365 | _cRS | ||
| 999 |
_c2983 _d2983 |
||